Body size : the structure and function of aquatic ecosystems
Αποθηκεύτηκε σε:
| Άλλοι συγγραφείς: | , , |
|---|---|
| Μορφή: | Βιβλίο |
| Γλώσσα: | English |
| Δημοσίευση: |
Cambridge :
Cambridge University Press,
2007
|
| Σειρά: | Ecological reviews
|
| Θέματα: | |
| Ετικέτες: |
Προσθήκη ετικέτας
Δεν υπάρχουν, Καταχωρήστε ετικέτα πρώτοι!
|
MARC
| LEADER | 00000nam a2200000 i 4500 | ||
|---|---|---|---|
| 001 | 1/49688 | ||
| 008 | 070731s2007 eng d | ||
| 020 | |a 978-0-521-67967-1 (pbk.) | ||
| 035 | |l 10089255 | ||
| 040 | |a GR-MY-UA |b gre |e aacr | ||
| 041 | 0 | |a eng | |
| 082 | 0 | |a 591.76 |2 (22) | |
| 245 | 1 | 0 | |a Body size : |b the structure and function of aquatic ecosystems / |c edited by Alan G. Hildrew, David G. Raffaelli, Ronni Edmonds-Brown |
| 260 | |a Cambridge : |b Cambridge University Press, |c 2007 | ||
| 300 | |a xi, 343 σ.; |b εικ.; |c 25 εκ. | ||
| 490 | 1 | |a Ecological reviews | |
| 504 | |a Περιέχει βιβλιογραφικές παραπομπές και ευρετήριο | ||
| 650 | 0 | 0 | |a Aquatic animals |x Size. |
| 650 | 0 | 0 | |a Aquatic ecology. |
| 700 | 1 | |a Hildrew, A. G. |4 edt | |
| 700 | 1 | |a Raffaelli, D. G. |q (Dave G.) |4 edt | |
| 700 | 1 | |a Edmonds-Brown, Ronni. |4 edt | |
| 830 | 0 | |a Ecological reviews | |
| 852 | |a INST |b LESVOS |e 20070731 |h 591.76 BOD |p 005100041313 |q 005100041313 |t BK |y 0 | ||
| 901 | |a BIBL1-2007-2 | ||
| 909 | |a Λ |b 137365 | ||
| 922 | |a 1ΕΛΗ |b 200707 |c ΕΠΕΑΕΚ2/ΤΕΘ |d ΕΛΕΥΘΕΡΟΥΔΑΚΗΣ | ||
| 970 | |a ΚΑΡΑ |b ΓΙΑΣΕΜΗ |z 2007/07/31 | ||